[Event "Landesliga (2nd) East 1999/00"]
[Site "masterchessopen.com Germany"]
[Round "5"]
[White "Zeeck Detlef"]
[Black "Winkler Karl (GER)"]
[Result "1-0"]
[WhiteElo "1850"]
[BlackElo "2056"]

1.d4 Nf6 2.c4 e6 3.Nc3 Bb4 4.e3 c5 5.Bd3 d5 6.Nf3 Nc6 7.O-O dxc4 8.Bxc4 cxd4
9.exd4 O-O 10.Bg5 h6 11.Bh4 Be7 12.Re1 Re8 13.Bg3 Nh5 14.d5 Nxg3 15.dxe6 Bxe6
16.Bxe6 fxe6 17.hxg3 Bf6 18.Qb3 Qe7 19.Re4 Na5 20.Qb5 Bxc3 21.bxc3 b6 22.Rae1
Qc7 23.Rxe6 Rxe6 24.Rxe6 Rc8 25.Qe2 Qxc3 26.Re7 Qf6 27.Rxa7 Nc6 28.Rb7 Nd4
29.Nxd4 Rc1+ 30.Kh2 Qxd4 31.Qe6+ {#r} 1-0

[Event "Cup Russia (open)"]
[Site "masterchessopen.com Minsk (Belarus)"]
[Round "7"]
[White "Romanov Oleg (BLR)"]
[Black "Mironov Ilya (BLR)"]
[Result "1-0"]
[WhiteElo "2380"]
[BlackElo "2324"]

1.d4 Nf6 2.c4 e6 3.Nc3 Bb4 4.e3 c5 5.Bd3 Nc6 6.Nf3 Bxc3+ 7.bxc3 d6 8.O-O e5
9.Ng5 O-O 10.f4 exf4 11.Rxf4 h6 12.Rxf6 Qxf6 13.Nh7 Qh4 14.Nxf8 Kxf8 15.Bd2
Bd7 16.Qf3 Re8 17.Rf1 Nd8 18.e4 Re6 19.Bf4 Qe7 20.Qg3 f6 21.e5 dxe5 22.Bxe5
Nf7 23.Bf4 g5 24.Bc1 Qd6 25.Qxd6+ Rxd6 26.Ba3 b6 27.dxc5 {#r} 1-0

[Event "It (open)"]
[Site "masterchessopen.com Nice (France)"]
[Round "1"]
[White "Ibragimov Ildar (USA)"]
[Black "Wauters Alain (FRA)"]
[Result "1-0"]
[WhiteElo "2575"]
[BlackElo "2167"]

1.d4 Nf6 2.c4 e6 3.Nc3 Bb4 4.e3 c5 5.Bd3 Nc6 6.Nf3 Bxc3+ 7.bxc3 d6 8.O-O e5
9.Nd2 O-O 10.Rb1 Re8 11.d5 Ne7 12.Qc2 Ng6 13.f4 exf4 14.exf4 Rb8 15.Nf3 Bd7
16.Bd2 Qa5 17.h3 Qa4 18.f5 Qxc2 19.Bxc2 Ne5 20.Nxe5 dxe5 21.Bg5 b6 {#r} 1-0

[Event "Ch World (seniors)"]
[Site "masterchessopen.com Rowy (Poland)"]
[Round "2"]
[White "Jugow Alexander (GER)"]
[Black "Zakhvatov Vladimir (RUS)"]
[Result "1-0"]
[WhiteElo "2175"]
[BlackElo "2341"]

1.d4 Nf6 2.c4 e6 3.Nc3 Bb4 4.e3 c5 5.Bd3 Nc6 6.Ne2 d5 7.a3 cxd4 8.exd4 Be7
9.O-O O-O 10.Be3 b6 11.cxd5 Nxd5 12.Qc2 Nxe3 13.Bxh7+ Kh8 14.fxe3 f5 15.Bg6
Bd6 16.Rf3 Ne7 17.Rh3+ Kg8 18.Bh7+ Kf7 19.e4 g6 20.Qd2 Ba6 21.Qg5 Rh8 22.e5
Bc7 23.Qf6+ {#r} 1-0

[Event "Memorial A.Petrov (open)"]
[Site "masterchessopen.com St. Petersburg (Russia)"]
[Round "2"]
[White "Vunder Andrey (RUS)"]
[Black "Ionov Sergey (RUS)"]
[Result "0-1"]
[WhiteElo "2289"]
[BlackElo "2542"]

1.d4 Nf6 2.c4 e6 3.Nc3 Bb4 4.e3 c5 5.Bd3 Nc6 6.Nf3 Bxc3+ 7.bxc3 d6 8.e4 e5
9.h3 h6 10.Be3 b6 11.d5 Ne7 12.Nd2 Ng6 13.g3 O-O 14.f4 exf4 15.gxf4 Nh7 16.Nf3
Re8 17.Kf2 f5 18.exf5 Nh4 19.Qc2 Qf6 20.Nd4 Rxe3 {#R} 0-1

[Event "It (open)"]
[Site "masterchessopen.com Torino (Italy)"]
[Round "1"]
[White "Epishin Vladimir (GER)"]
[Black "Van Hoolandt Patrick (MNC)"]
[Result "1-0"]
[WhiteElo "2567"]
[BlackElo "2169"]

1.d4 Nf6 2.c4 e6 3.Nc3 Bb4 4.e3 c5 5.Bd3 Nc6 6.Ne2 cxd4 7.exd4 d5 8.O-O dxc4
9.Bxc4 Bd6 10.a3 O-O 11.Qd3 a6 12.Rd1 e5 13.d5 e4 14.Nxe4 Ne5 15.Qd4 Nxe4
16.Qxe4 Bg4 17.h3 f5 18.Qd4 Bh5 19.Re1 Rc8 20.Bb3 Qf6 21.Kf1 Bc5 22.Qd2 Qb6
23.Nc3 Rce8 24.Ba2 f4 25.Re4 Bg6 26.b4 Bxe4 27.Nxe4 Be3 28.d6+ Kh8 29.Qd5 Bxc1
30.Rxc1 f3 31.g3 {#r} 1-0

[Event "It (open)"]
[Site "masterchessopen.com Vadso (Norway)"]
[Round "1"]
[White "Gunin Pavel (RUS)"]
[Black "Yevseev Denis (RUS)"]
[Result "0-1"]
[WhiteElo "2128"]
[BlackElo "2516"]

1.d4 Nf6 2.c4 e6 3.Nc3 Bb4 4.e3 c5 5.Bd3 Nc6 6.Nf3 Bxc3+ 7.bxc3 d6 8.O-O e5
9.d5 Ne7 10.Qc2 O-O 11.Rb1 e4 12.Bxe4 Nxe4 13.Qxe4 Bf5 {#R} 0-1

[Event "Sub-zt"]
[Site "masterchessopen.com Valencia (Venezuela)"]
[Round "7"]
[White "Santa Luis A (PUR)"]
[Black "Yee Frank (TRI)"]
[Result "1-0"]
[WhiteElo "2182"]
[BlackElo "2190"]

1.d4 Nf6 2.c4 e6 3.Nc3 Bb4 4.e3 c5 5.Bd3 Nc6 6.Nf3 d5 7.O-O Bxc3 8.bxc3 Qa5
9.Rb1 dxc4 10.Bxc4 a6 11.Ne5 Nxe5 12.dxe5 Nd7 13.Qd6 Qd8 14.a4 b6 15.f4 Qe7
16.Rd1 Bb7 17.Qc7 Be4 18.Bd3 Bxd3 19.Rxd3 Rd8 20.Rd6 Qh4 21.Ba3 O-O 22.Rbd1
Rc8 23.Qxd7 Qg4 24.Qxc8 Qxd1+ 25.Rxd1 Rxc8 {#r} 1-0

[Event "It (open) (a)"]
[Site "masterchessopen.com Voronezh (Russia)"]
[Round "4"]
[White "Kerzhner Stas (RUS)"]
[Black "Murzin Lenar (RUS)"]
[Result "1-0"]
[WhiteElo "2212"]
[BlackElo "2257"]

1.d4 Nf6 2.c4 e6 3.Nc3 Bb4 4.e3 c5 5.Bd3 Nc6 6.Nf3 Bxc3+ 7.bxc3 d6 8.O-O e5
9.d5 Ne7 10.e4 O-O 11.Ne1 Ng6 12.g3 Bh3 13.Ng2 Re8 14.Rb1 b6 15.f3 h6 16.Rf2
Nh7 17.a4 a5 18.Ne3 Ng5 19.Rfb2 Rb8 20.Bf1 Bd7 21.Bg2 Ne7 22.f4 exf4 23.gxf4
Nh3+ 24.Bxh3 Bxh3 25.Qf3 Bd7 26.f5 Kh7 27.Rg2 Rg8 28.Ng4 f6 29.Qf4 Qf8 30.Qxd6
Bxa4 31.Rxb6 Rxb6 32.Qxb6 Qe8 33.Bxh6 Nxf5 34.Bxg7 {#r} 1-0

[Event "Ch Georgia (w)"]
[Site "masterchessopen.com Tbilisi (Georgia)"]
[Round "8"]
[White "Melashvili Nino (GEO)"]
[Black "Javakhishvili Lela (GEO)"]
[Result "0-1"]
[WhiteElo "2123"]
[BlackElo "2301"]

1.d4 Nf6 2.c4 e6 3.Nc3 Bb4 4.e3 c5 5.Bd3 Nc6 6.Ne2 cxd4 7.exd4 d5 8.cxd5 Qxd5
9.O-O Qh5 10.Ne4 Be7 11.Nxf6+ Bxf6 12.Be3 O-O 13.Rc1 Rd8 14.Rc5 e5 15.d5 Nb4
16.Be4 Be7 17.Rc7 Bd6 18.Rc4 f5 19.Bf3 Qg6 20.Nc3 e4 21.Bh5 Qf6 22.f4 b6
23.Bd4 Qe7 24.Nb5 Ba6 25.Nxd6 Qxd6 26.Be5 Qxd5 27.Rc7 g6 28.Qe1 Nd3 29.Bxg6
Nxe5 30.Qh4 Rd7 31.Bxh7+ Kg7 32.Qg5+ Kxh7 33.Qxf5+ Kg8 34.fxe5 Rxc7 {#R} 0-1

[Event "Tournament (Elo) (b)"]
[Site "masterchessopen.com Budapest (Hungary)"]
[Round "6"]
[White "Koczo Kristof (HUN)"]
[Black "Desmarais Chris (USA)"]
[Result "0-1"]
[WhiteElo "2043"]
[BlackElo "2151"]

1.d4 Nf6 2.c4 e6 3.Nc3 Bb4 4.e3 c5 5.Bd3 Nc6 6.Nf3 Bxc3+ 7.bxc3 d6 8.O-O e5
9.Bc2 Qe7 10.d5 Na5 11.Ba4+ Bd7 12.Rb1 O-O 13.Bxd7 Qxd7 14.Nd2 e4 15.Rb5 Nxc4
16.Qb3 Nxd2 17.Bxd2 b6 18.c4 Qg4 19.Bc3 Nd7 20.f3 exf3 21.Rxf3 f6 22.Rf4 Qe2
23.Rf3 Ne5 24.Bxe5 fxe5 25.Rxf8+ Rxf8 26.h3 Rf1+ 27.Kh2 Rf2 {#R} 0-1

[Event "Oberliga East B 2000/01"]
[Site "masterchessopen.com Germany"]
[Round "11"]
[White "Schaefer Michael (GER)"]
[Black "Cordes Hans-Joerg Dr (GER)"]
[Result "1-0"]
[WhiteElo "2234"]
[BlackElo "2277"]

1.d4 Nf6 2.c4 e6 3.Nc3 Bb4 4.e3 c5 5.Bd3 Nc6 6.Ne2 cxd4 7.exd4 O-O 8.O-O Re8
9.Bg5 Be7 10.a3 d6 11.Bc2 e5 12.d5 Nb8 13.Ng3 Nxd5 14.Nxd5 Bxg5 15.Ne4 Bh6
16.Qh5 Re6 17.c5 dxc5 18.Rad1 Nd7 19.Ne3 Bf4 20.Nf6+ Kf8 21.Qxh7 {#r} 1-0

[Event "Cup Germany (team)"]
[Site "masterchessopen.com Lubeck (Germany)"]
[Round "1"]
[White "Graf Alexander (GER)"]
[Black "Mattick Lutz (GER)"]
[Result "1-0"]
[WhiteElo "2610"]
[BlackElo "2270"]

1.d4 Nf6 2.c4 e6 3.Nc3 Bb4 4.e3 c5 5.Bd3 Nc6 6.Nf3 Bxc3+ 7.bxc3 d6 8.e4 e5
9.d5 Ne7 10.Rb1 h6 11.Nh4 g5 12.Qf3 Nfg8 13.Nf5 Nxf5 14.exf5 Qf6 15.Rb2 Ne7
16.h4 gxh4 17.g4 hxg3 18.fxg3 h5 19.Rbh2 Bxf5 20.Bxf5 Qxf5 21.Qxf5 Nxf5
22.Rxh5 Rxh5 23.Rxh5 Ke7 24.Rxf5 Rg8 25.Bg5+ Ke8 26.Kf2 f6 27.Bh4 Rg4 28.Rxf6
Rxc4 29.Rxd6 Rxc3 30.Rd8+ {#r} 1-0

[Event "Ch Russia (juniors) (under 18)"]
[Site "masterchessopen.com Rybinsk (Russia)"]
[Round "7"]
[White "Belukhin Ivan (RUS)"]
[Black "Fazulyanov Sergey (RUS)"]
[Result "1-0"]
[WhiteElo "2234"]
[BlackElo "2217"]

1.d4 Nf6 2.c4 e6 3.Nc3 Bb4 4.e3 c5 5.Bd3 d5 6.Nf3 Nc6 7.O-O cxd4 8.exd4 O-O
9.a3 Be7 10.c5 Ne8 11.b4 Bf6 12.Re1 h6 13.Bc2 a6 14.Qd3 g6 15.Bxh6 Bg7 16.Bf4
Qf6 17.Bg5 Qf5 18.Qxf5 gxf5 19.Rad1 f6 20.Bf4 Bh6 21.Na4 Ng7 22.Nb6 Ra7
23.Bxh6 Kf7 24.Re2 Re8 25.Rde1 e5 26.Nxc8 Rxc8 27.dxe5 fxe5 28.Nxe5+ Nxe5 {#r}
1-0

[Event "It (open) \"]
[Site "masterchessopen.com St. Petersburg (Russia)"]
[Round "4"]
[White "Golovchenko Gleb (RUS)"]
[Black "Chepukaitis Genrikh (RUS)"]
[Result "0-1"]
[WhiteElo "2243"]
[BlackElo "2404"]

1.d4 Nf6 2.c4 e6 3.Nc3 Bb4 4.e3 c5 5.Bd3 Nc6 6.Nf3 d6 7.O-O Bxc3 8.bxc3 e5
9.d5 Ne7 10.Nd2 O-O 11.f4 exf4 12.exf4 Bf5 13.Nf3 Qd7 14.Re1 Rfe8 15.Rb1 b6
16.Rb2 Bxd3 17.Qxd3 Qf5 18.Qc2 g6 19.h3 h5 20.Ng5 b5 21.Qb3 Nexd5 22.Rbe2 Rxe2
23.Rxe2 Qd3 24.Re1 Qxc4 {#R} 0-1

[Event "It (open) \"]
[Site "masterchessopen.com St. Petersburg (Russia)"]
[Round "6"]
[White "Lovkov Roman (RUS)"]
[Black "Chepukaitis Genrikh (RUS)"]
[Result "0-1"]
[WhiteElo "2151"]
[BlackElo "2404"]

1.d4 Nf6 2.c4 e6 3.Nc3 Bb4 4.e3 c5 5.Bd3 Nc6 6.Ne2 d6 7.O-O Bxc3 8.bxc3 e5
9.d5 Ne7 10.Ng3 h5 11.f4 exf4 12.Rxf4 h4 13.Ne2 Ng4 14.Kh1 g5 15.Rf1 Ne5
16.Ng1 Bg4 17.Qc2 h3 18.g3 O-O 19.Be2 Qd7 20.e4 f6 21.Rb1 b6 22.Qd1 Bxe2
23.Qxe2 Kg7 24.Rf2 N7g6 25.Qf1 Qg4 26.Re2 Rh8 27.Re3 Raf8 28.Rb2 f5 29.Rf2
fxe4 30.Rxf8 Rxf8 31.Qe1 Nd3 32.Rxd3 exd3 33.Bd2 Ne5 34.Qe3 Rf1 {#R} 0-1

[Event "Memorial I.Zanic (cat.8)"]
[Site "masterchessopen.com Stara Pazova (Yugoslavia)"]
[Round "5"]
[White "Jeremic Veljko (SRB)"]
[Black "Prelevic Dusko (SRB)"]
[Result "1-0"]
[WhiteElo "2484"]
[BlackElo "2358"]

1.d4 Nf6 2.c4 e6 3.Nc3 Bb4 4.e3 c5 5.Bd3 Nc6 6.Ne2 d6 7.Bd2 e5 8.d5 Ne7 9.O-O
O-O 10.a3 Ba5 11.Rb1 Bf5 12.e4 Bg4 13.f3 Bd7 14.b4 Bb6 15.Kh1 cxb4 16.axb4 Ne8
17.Na4 f5 18.Qb3 f4 19.Nxb6 axb6 20.c5 Rf6 21.cxd6 Nxd6 22.Nxf4 Rxf4 23.Bxf4
exf4 24.Ra1 Qe8 25.b5 Ra5 26.e5 Ndf5 27.Rfc1 Ng3+ 28.Kg1 Bxb5 29.Rxa5 Bxd3
30.hxg3 bxa5 31.d6+ Nd5 32.Qxb7 {#r} 1-0

[Event "It (w)"]
[Site "masterchessopen.com Tbilisi (Georgia)"]
[Date "2001.05.18"]
[Round "12"]
[White "Jobava Baadur (GEO)"]
[Black "Mchedlishvili Mikheil (GEO)"]
[Result "1-0"]
[WhiteElo "2556"]
[BlackElo "2518"]

1.d4 Nf6 2.c4 e6 3.Nc3 Bb4 4.e3 c5 5.Bd3 Nc6 6.Nf3 Bxc3+ 7.bxc3 d6 8.O-O e5
9.Nd2 O-O 10.Re1 b6 11.Ne4 Bb7 12.Ng3 Ba6 13.d5 Na5 14.Qe2 e4 15.Nxe4 Nxe4
16.Bxe4 Qh4 17.Bd3 Bxc4 18.e4 b5 19.Bxc4 Nxc4 20.a4 a6 21.f4 Rfe8 22.e5 dxe5
23.axb5 axb5 24.Rxa8 Rxa8 25.fxe5 Re8 26.e6 fxe6 27.dxe6 Nd6 28.g3 Qf6 29.Bf4
Nc4 30.Qh5 g6 31.Qxc5 Qxc3 32.Rf1 h5 33.Bh6 Kh7 34.Bg5 {#r} 1-0

[Event "It (open)"]
[Site "masterchessopen.com Arco (Italy)"]
[Round "2"]
[White "Haldemann Paul (SUI)"]
[Black "Swinkels Jos (NED)"]
[Result "0-1"]
[WhiteElo "2205"]
[BlackElo "2064"]

1.d4 Nf6 2.c4 e6 3.Nc3 Bb4 4.e3 c5 5.Bd3 Nc6 6.Ne2 d5 7.a3 cxd4 8.exd4 Be7
9.cxd5 exd5 10.O-O O-O 11.Qc2 Bg4 12.f3 Be6 13.Be3 Bd6 14.Kh1 Rc8 15.Bg5 h6
16.Bh4 Re8 17.Rad1 Na5 18.Qa4 g5 19.Bg3 Bd7 20.Bb5 Rc4 21.b4 Bxg3 22.hxg3 Bxb5
23.Qxb5 Nc6 24.Qxb7 Re3 25.Rc1 Nh5 26.g4 Nf4 27.Nxf4 gxf4 28.Nb5 Qh4+ 29.Kg1
Rxc1 30.Rxc1 Re2 {#R} 0-1

[Event "Oberliga East B 2001/02"]
[Site "masterchessopen.com Germany"]
[Round "9"]
[White "Zude Erik Dr (GER)"]
[Black "Becker Wladimir (GER)"]
[Result "1-0"]
[WhiteElo "2312"]
[BlackElo "2159"]

1.d4 Nf6 2.c4 e6 3.Nc3 Bb4 4.e3 c5 5.Bd3 b6 6.Ne2 Bb7 7.a3 Bxc3+ 8.Nxc3 d6
9.O-O O-O 10.b3 Nbd7 11.Bb2 Qe7 12.Qc2 Rfd8 13.Rad1 Nf8 14.dxc5 dxc5 15.e4 Ng6
16.f4 Rd7 17.Qe2 Rad8 18.e5 Ne8 19.g3 Ba8 20.Be4 Rxd1 21.Rxd1 Bxe4 22.Nxe4 Rd7
23.Qc2 Qd8 24.Rxd7 Qxd7 25.b4 cxb4 26.axb4 Ne7 27.b5 Nf5 28.g4 Ne3 29.Qe2 Qd1+
30.Qxd1 Nxd1 31.Bd4 f5 32.Nd6 Nc7 33.g5 a5 34.Kf1 {#r} 1-0

[Event "It (open)"]
[Site "masterchessopen.com Hallstahammar (Sweden)"]
[Round "7"]
[White "Blomqvist Erik (SWE)"]
[Black "Karlsson Patrik (SWE)"]
[Result "1-0"]
[WhiteElo "2469"]
[BlackElo "1968"]

1.d4 Nf6 2.c4 e6 3.Nc3 Bb4 4.e3 c5 5.Bd3 d6 6.Ne2 Nc6 7.O-O O-O 8.Qc2 Ba5 9.a3
Bb6 10.d5 Ne5 11.e4 Ne8 12.Kh1 Qh4 13.g3 Qh3 14.Nf4 Qg4 15.Be2 Nf3 16.Qd1 e5
17.Bxf3 Qd7 18.Nd3 f5 19.Bg2 Nf6 20.f4 fxe4 21.Nxe4 exf4 22.Nxf4 Nxe4 23.Bxe4
Qe7 24.Qe2 Qe5 25.Bd2 Bg4 26.Qd3 g6 27.Bc3 Qg5 28.Ne6 {#r} 1-0

[Event "It (open)"]
[Site "masterchessopen.com Helsinki (Finland)"]
[Round "2"]
[White "Kilpi Teemu (FIN)"]
[Black "Norri Joose (FIN)"]
[Result "0-1"]
[WhiteElo "2144"]
[BlackElo "2403"]

1.d4 Nf6 2.c4 e6 3.Nc3 Bb4 4.e3 c5 5.Bd3 Nc6 6.Ne2 cxd4 7.exd4 d5 8.cxd5 Qxd5
9.O-O Qh5 10.Bf4 O-O 11.Ne4 Nd5 12.Bd2 e5 13.N4g3 Qh4 14.dxe5 Nxe5 15.Be4 Bxd2
16.Qxd2 Nf6 17.Bf5 Bxf5 18.Nxf5 Qg4 19.Neg3 Rad8 20.Qc3 Rfe8 21.f4 Nd5 22.Qd4
Nc6 23.Qf2 Ndb4 24.Rae1 Nxa2 25.Rxe8+ Rxe8 26.Nd6 Re7 27.Ngf5 Re6 28.Ne3 Qh5
29.Nxb7 Nd4 30.f5 Ne2+ 31.Kh1 Qxh2+ {#R} 0-1

[Event "It (open)"]
[Site "masterchessopen.com Karvina (Czech Republic)"]
[Round "8"]
[White "Maroszyk Wieslaw (CZE)"]
[Black "Matejka Frantisek (CZE)"]
[Result "1-0"]
[WhiteElo "2054"]
[BlackElo "1792"]

1.d4 Nf6 2.c4 e6 3.Nc3 Bb4 4.e3 c5 5.Bd3 cxd4 6.exd4 Nc6 7.Nf3 Bxc3+ 8.bxc3
Qa5 9.O-O Qxc3 10.Rb1 Nxd4 11.Bb2 Nxf3+ 12.Qxf3 Qa5 13.Bxf6 gxf6 14.Qxf6 Rf8
15.Bxh7 Qxa2 16.Rb2 Qxc4 17.Rc2 Qb4 18.Rfc1 d5 19.Rxc8+ Rxc8 20.Rxc8+ Kd7
21.Rc1 b5 22.h4 a5 23.Bd3 Qb3 24.Qf4 e5 25.Qf5+ Kd6 26.Qf6+ Kd7 27.Bf5+ {#r}
1-0

[Event "Cup Russia (open)"]
[Site "masterchessopen.com Samara (Russia)"]
[Round "6"]
[White "Driamin Dmitry (RUS)"]
[Black "Bocharov Dmitry (RUS)"]
[Result "0-1"]
[WhiteElo "2413"]
[BlackElo "2524"]

1.d4 Nf6 2.c4 e6 3.Nc3 Bb4 4.e3 c5 5.Bd3 Nc6 6.Ne2 cxd4 7.exd4 d5 8.c5 O-O
9.O-O e5 10.a3 Bxc3 11.bxc3 h6 12.dxe5 Nxe5 13.Bf4 Re8 14.Nd4 Qa5 15.Bb5 Re7
16.Re1 Qc7 17.c6 Ne4 18.c4 g5 19.cxb7 Bxb7 20.cxd5 Nxf2 21.Bxe5 Nxd1 {#R} 0-1

[Event "Memorial A. Petrov (open)"]
[Site "masterchessopen.com St. Petersburg (Russia)"]
[Round "4"]
[White "Mchedlishvili Mikheil (GEO)"]
[Black "Zdebskaja Natalia (UKR)"]
[Result "1-0"]
[WhiteElo "2566"]
[BlackElo "2284"]

1.d4 Nf6 2.c4 e6 3.Nc3 Bb4 4.e3 c5 5.Bd3 Nc6 6.Ne2 O-O 7.O-O d6 8.a3 Bxc3
9.Nxc3 cxd4 10.exd4 e5 11.dxe5 dxe5 12.Bg5 h6 13.Bh4 Nd4 14.Re1 Re8 15.b4 a5
16.b5 b6 17.f4 Qd6 18.Ne4 Nxe4 19.Bxe4 Ra7 20.fxe5 Qc5 21.Bf2 Rd8 22.Bd5 {#r}
1-0

[Event "It (open) \"]
[Site "masterchessopen.com Tatranske Zruby (Slovakia)"]
[Round "1"]
[White "Hagara Vladimir (SVK)"]
[Black "Petrik Tomas (SVK)"]
[Result "0-1"]
[WhiteElo "2003"]
[BlackElo "2393"]

1.d4 Nf6 2.c4 e6 3.Nc3 Bb4 4.e3 c5 5.Bd3 Nc6 6.Nf3 Bxc3+ 7.bxc3 d6 8.Qc2 O-O
9.O-O b6 10.Nd2 e5 11.d5 Ne7 12.f4 exf4 13.exf4 g6 14.Nf3 Bf5 15.Bd2 Qd7 16.a4
a5 17.Nh4 Bxd3 18.Qxd3 Qg4 19.g3 Nf5 20.Nxf5 gxf5 21.Qf3 Qxf3 22.Rxf3 Rfe8
23.Kf1 Re4 24.Re1 Rxc4 25.Re7 Rxa4 26.Rb7 Ne4 27.Rd3 Ra1+ 28.Ke2 Ra2 29.Kd1
{#R} 0-1

[Event "Ch Hungary (team) 2001/02 (2 liga)"]
[Site "masterchessopen.com Hungary"]
[Date "2002.02.10"]
[Round "7"]
[White "Pasztor Ferenc (HUN)"]
[Black "Berta Tibor (HUN)"]
[Result "1-0"]
[WhiteElo "2280"]
[BlackElo "2190"]

1.d4 Nf6 2.c4 e6 3.Nc3 Bb4 4.e3 c5 5.Bd3 Nc6 6.Ne2 O-O 7.a3 Bxc3+ 8.Nxc3 d6
9.O-O e5 10.d5 Ne7 11.b4 b6 12.Ra2 Ne8 13.f4 f5 14.fxe5 dxe5 15.Raf2 Nd6 16.e4
f4 17.Qh5 Ng6 18.g3 fxg3 19.Rxf8+ Nxf8 20.Qxe5 gxh2+ 21.Qxh2 Qd7 22.Bf4 Nf7
23.e5 Qg4+ 24.Qg2 Qxg2+ 25.Kxg2 g5 26.Bh2 Kg7 27.bxc5 bxc5 28.Ne4 Bg4 29.Nf6
h5 30.Nxg4 hxg4 31.e6 Nh6 32.Be5+ Kg8 33.Rh1 {#r} 1-0

[Event "Cup Aurec"]
[Site "masterchessopen.com Aurec (France)"]
[Date "2002.06.16"]
[Round "4"]
[White "Iglesias Joachim (FRA)"]
[Black "Blanchard David"]
[Result "1-0"]
[WhiteElo "2254"]
[BlackElo "1680"]

1.d4 Nf6 2.c4 e6 3.Nc3 Bb4 4.e3 c5 5.Bd3 cxd4 6.exd4 d5 7.Nf3 dxc4 8.Bxc4 Ne4
9.O-O Bxc3 10.bxc3 Nxc3 11.Qc2 Nd5 12.Bxd5 Qxd5 13.Qxc8+ Qd8 14.Qxd8+ Kxd8
15.Ne5 Rf8 16.Ba3 {#r} 1-0

[Event "It (open)"]
[Site "masterchessopen.com Miskolc (Hungary)"]
[Date "2002.07.28"]
[Round "7"]
[White "Kiss Sandor (HUN)"]
[Black "Berczes David (HUN)"]
[Result "1-0"]
[WhiteElo "2111"]
[BlackElo "2261"]

1.d4 Nf6 2.c4 e6 3.Nc3 Bb4 4.e3 c5 5.Bd3 b6 6.Nf3 Bb7 7.O-O Bxc3 8.bxc3 d6
9.Nd2 Nc6 10.Ne4 Na5 11.Ng3 Qc7 12.e4 Nd7 13.f4 Ba6 14.e5 Bb7 15.d5 O-O-O
16.Ne4 dxe5 17.fxe5 Nxe5 18.Bf4 exd5 19.Ng5 Rhe8 20.Nxf7 dxc4 21.Bf5+ Kb8
22.Nxd8 Rxd8 23.Bxe5 Rxd1 24.Bxc7+ Kxc7 25.Raxd1 {#r} 1-0

[Event "Ch Argentina (juniors) (under 18)"]
[Site "masterchessopen.com Argentina"]
[Round "1"]
[White "Perez Mario Abel (ARG)"]
[Black "Fortis Rodolfo (ARG)"]
[Result "1-0"]
[WhiteElo "1982"]
[BlackElo "2050"]

1.d4 Nf6 2.c4 e6 3.Nc3 Bb4 4.e3 c5 5.Bd3 Nc6 6.Nf3 b6 7.O-O Bxc3 8.bxc3 d6
9.Re1 O-O 10.e4 e5 11.d5 Na5 12.Bg5 h6 13.Bh4 Ba6 14.Nd2 Qd7 15.Bxf6 gxf6
16.Qh5 Kh7 17.Re3 Rg8 18.Rh3 Rg6 19.f4 Qg4 20.Qxg4 Rxg4 21.fxe5 Rag8 22.g3
fxe5 23.Rf1 R8g7 24.Be2 R4g5 25.Bh5 Nxc4 26.Nxc4 Bxc4 27.Rf6 Bxa2 28.Rxd6 {#r}
1-0

[Event "It (open)"]
[Site "masterchessopen.com Buenos Aires (Argentina)"]
[Round "3"]
[White "Nogues Alejandro (ARG)"]
[Black "Zarnicki Pablo (ARG)"]
[Result "0-1"]
[WhiteElo "2221"]
[BlackElo "2523"]

1.d4 Nf6 2.c4 e6 3.Nc3 Bb4 4.e3 c5 5.Bd3 Nc6 6.Nf3 Bxc3+ 7.bxc3 d6 8.e4 e5
9.h3 h6 10.dxc5 dxc5 11.Nh2 O-O 12.Nf1 b6 13.Ne3 Na5 14.O-O Bb7 15.Qc2 Qd7
16.Re1 Rad8 17.Nd5 Ne8 18.f4 Nd6 19.Qe2 f5 20.fxe5 Nxe4 21.Bxe4 fxe4 22.Qxe4
Bxd5 23.cxd5 Qxd5 24.Qg4 Qc4 25.Qg6 Qf7 26.Qxf7+ Kxf7 27.Bf4 Ke6 28.Bh2 Rd3
29.Rad1 Rfd8 30.Rxd3 Rxd3 31.Rf1 Rxc3 32.Rf8 Rd3 33.Rg8 Rd7 {#R} 0-1

[Event "It (open) \"]
[Site "masterchessopen.com Catalan Bay (England)"]
[Round "3"]
[White "Bick John D (USA)"]
[Black "Gyimesi Zoltan (HUN)"]
[Result "0-1"]
[WhiteElo "2224"]
[BlackElo "2613"]

1.d4 Nf6 2.c4 e6 3.Nc3 Bb4 4.e3 c5 5.Bd3 Nc6 6.Nf3 Bxc3+ 7.bxc3 d6 8.O-O e5
9.Nd2 O-O 10.Rb1 Qe7 11.d5 Na5 12.f3 b6 13.Rf2 Ba6 14.Qe2 Qd7 15.h3 Rae8 16.g4
e4 17.fxe4 Qe7 18.Rxf6 Qxf6 19.Nf3 Bxc4 20.Bxc4 Nxc4 21.g5 Qxc3 {#R} 0-1

[Event "Memorial Pablo Gorbea (open)"]
[Site "masterchessopen.com Madrid (Spain)"]
[Round "1"]
[White "Alvarez Diaz Victor (ESP)"]
[Black "Quevedo Marin Manuel (ESP)"]
[Result "0-1"]
[WhiteElo "2125"]
[BlackElo "2150"]

1.d4 Nf6 2.c4 e6 3.Nc3 Bb4 4.e3 c5 5.Bd3 Nc6 6.Nf3 Bxc3+ 7.bxc3 d6 8.O-O e5
9.dxe5 dxe5 10.Qc2 Qe7 11.Nd2 Be6 12.f4 Rd8 13.f5 Bc8 14.Ba3 Qd6 {#R} 0-1

[Event "Ch Asia (juniors)"]
[Site "masterchessopen.com Negombo (Sri Lanka)"]
[Round "1"]
[White "Chan Tze Wei (MAS)"]
[Black "Nguyen Ngoc Truongson (VIE)"]
[Result "0-1"]
[WhiteElo "2057"]
[BlackElo "2527"]

1.d4 Nf6 2.c4 e6 3.Nc3 Bb4 4.e3 c5 5.Bd3 Nc6 6.Nf3 d6 7.a3 Bxc3+ 8.bxc3 e5
9.d5 Ne7 10.Nd2 O-O 11.O-O Ng6 12.Rb1 Ng4 13.h3 Nh6 14.Bxg6 hxg6 15.e4 f5
16.a4 Qh4 17.Nf3 Qxe4 18.Qb3 f4 19.Re1 Qf5 20.Nd2 f3 21.Nxf3 e4 22.Bxh6 exf3
23.g4 Qf6 {#R} 0-1

[Event "It (cat.8)"]
[Site "masterchessopen.com Paris (France)"]
[Round "4"]
[White "Marzolo Cyril (FRA)"]
[Black "Bagheri Amir (FRA)"]
[Result "1-0"]
[WhiteElo "2437"]
[BlackElo "2496"]

1.d4 Nf6 2.c4 e6 3.Nc3 Bb4 4.e3 c5 5.Bd3 Nc6 6.Nf3 d6 7.O-O Bxc3 8.bxc3 e5
9.Ng5 O-O 10.f4 exd4 11.cxd4 h6 12.d5 Nb4 13.Nf3 Nxd3 14.Qxd3 Re8 15.Nd2 Ne4
16.f5 Qe7 17.Rf4 Nf6 18.Bb2 Bd7 19.e4 a6 20.Raf1 b5 21.Qh3 bxc4 22.R1f3 Nh7
23.Rg3 Ng5 24.Qh5 f6 25.h4 Nh7 26.Rfg4 Rf8 27.Rxg7+ Qxg7 28.Rxg7+ Kxg7 29.Qg6+
Kh8 30.Nxc4 Be8 31.Qxh6 Rb8 32.Bc3 Rd8 {#r} 1-0

[Event "It (b)"]
[Site "masterchessopen.com Serpukhov (Russia)"]
[Round "7"]
[White "Guseva Marina (RUS)"]
[Black "Guseva Olga (RUS)"]
[Result "0-1"]
[WhiteElo "2289"]
[BlackElo "2232"]

1.d4 Nf6 2.c4 e6 3.Nc3 Bb4 4.e3 c5 5.Bd3 d5 6.a3 Bxc3+ 7.bxc3 dxc4 8.Bxc4 Qc7
9.Bd3 cxd4 10.Bb5+ Nbd7 11.Qxd4 O-O 12.Bb2 e5 13.Qd2 Nc5 14.Rd1 Nfe4 15.Qc1
Be6 16.Nf3 Bb3 17.O-O Bxd1 18.Qxd1 Qb6 19.Qe2 Nd6 20.a4 a6 21.Bc4 Nxa4 22.Ba1
Rac8 23.Nxe5 Nxc4 {#R} 0-1